Traité elementaire de droit international privé / (Record no. 167894)

MARC details
000 -LEADER
campo de control de longitud fija 00617nam a2200181 i 4500
001 - NÚMERO DE CONTROL
campo de control 167894
003 - IDENTIFICADOR DE NÚMERO DE CONTROL
campo de control ES-MaACL
005 - FECHA Y HORA DE LA ÚLTIMA TRANSACCIÓN
campo de control 20250809025222.0
008 - DATOS DE LONGITUD FIJA--INFORMACIÓN GENERAL
campo de control de longitud fija 051003s1886 fr | |||||||| ||fre d
040 ## - FUENTE DE CATALOGACIÓN
Centro catalogador/agencia de origen CAM
Lengua de catalogación spa
Centro/agencia transcriptor CAM
100 1# - ENTRADA PRINCIPAL--NOMBRE DE PERSONA
Nombre de persona Weiss, André.
9 (RLIN) 116396
245 10 - MENCIÓN DEL TÍTULO
Título Traité elementaire de droit international privé /
Mención de responsabilidad, etc. par André Weiss.
260 ## - PUBLICACIÓN, DISTRIBUCIÓN, ETC.
Lugar de publicación, distribución, etc. Paris :
Nombre del editor, distribuidor, etc. L. Larose et Forcel,
Fecha de publicación, distribución, etc. 1886 (
Fabricante Imprimerie Contant-Laguerre)
300 ## - DESCRIPCIÓN FÍSICA
Extensión XXXVIII, 996 p. ;
Dimensiones 23 cm.
650 07 - PUNTO DE ACCESO ADICIONAL DE MATERIA--TÉRMINO DE MATERIA
Término de materia o nombre geográfico como elemento de entrada Derecho internacional privado
Fuente del encabezamiento o término embne
9 (RLIN) 11721
852 ## - LOCALIZACIÓN
Ubicación ES-MaACL
Número de control de estantería F-8393
Nota libre - Enc. pasta española
Holdings
Estatus retirado Estado de pérdida Estado de daño No para préstamo Colección Biblioteca de origen Biblioteca actual Ubicación en estantería Fecha de adquisición Fuente de adquisición Total de préstamos Signatura topográfica completa Código de barras Visto por última vez Precio de reemplazo Tipo de ítem Koha
        Libros del s. XIX Biblioteca del Ateneo de Madrid Biblioteca del Ateneo de Madrid Sala Pecera Planta 2 17/01/2008     F-8393 1176141 23/02/2023 23/02/2023 Libro impreso antiguo